000 00297nam a2200109Ia 4500
008 200302s9999 xx 000 0 und d
100 _aNick Devas
245 _aUrban Governance Voece and Poverty in the Developing World
260 _bEarthScan Publications Ltd.
260 _c2006
300 _a224 P.,
999 _c5719
_d5719